| 000 | 00606nam a2200205 a 4500 | ||
|---|---|---|---|
| 005 | 20210219154631.0 | ||
| 008 | 030929s1998 mx r 000 0 spa d | ||
| 020 | _a8425512166 | ||
| 035 | _aUPN01000129277 | ||
| 049 | _aCG | ||
| 050 | 4 |
_aSF309.7 _bF6.4 |
|
| 100 | 1 | _aFoster, Carol | |
| 245 | 1 | 0 |
_aIniciación al salto : _bentrenamiento para caballos y ponis / _cCarol Foster ; tr. Marta Valls. |
| 260 |
_aBarcelona, Esp. : _bHispano Europea, _c1998. |
||
| 300 |
_a95 p. : _bil. |
||
| 440 | 0 | _aHerakles | |
| 534 |
_pTÃtulo original: _tBasic jumping |
||
| 650 | 4 | _aSALTO (EQUITACION) | |
| 905 | _aLibro | ||
| 999 |
_c101449 _d101449 |
||